| 000 | 00422 a2200121 4500 | ||
|---|---|---|---|
| 001 | ART_39584 | ||
| 005 | 20260410162012.0 | ||
| 008 | 260409a | ||
| 245 | 1 | 0 | _ala futilidad de criticar al modelo de Simon de elección racional |
| 100 | 1 | _aMarqués, Gustavo L. | |
| 700 | 1 | _aWeisman, Diego | |
| 773 | 0 |
_tDocumentos del CIECE _gEnsayos sobre racionalidad en economía - Nº 4 (ene./jun. 2008) _wREV39541 |
|
| 999 |
_c32284 _d32284 |
||